Normal view
MARC view
Entry Topical Term
001 - CONTROL NUMBER
- control field: 14573
003 - CONTROL NUMBER IDENTIFIER
- control field: ARRUPE
005 - DATE AND TIME OF LATEST TRANSACTION
- control field: 20150122151240.0
008 - FIXED-LENGTH DATA ELEMENTS
- fixed length control field: 150122|| aca||aabn | a|a d
040 ## - CATALOGING SOURCE
- Original cataloging agency: ARRUPE
- Transcribing agency: ARRUPE
150 ## - HEADING--TOPICAL TERM
- Topical term or geographic name as entry element: Funeral rites
- Geographic subdivision: Africa, Central
670 ## - SOURCE DATA FOUND
- Source citation: Work cat.: (ARRUPE)121537: Kalusa, Walima Tuesday, 1964- 13552, Death, belief and politics in Central African history /, 2013.